Why smart executives fail and what you can learn from their mistakes/ (Record no. 17814)
[ view plain ]
| 000 -LEADER | |
|---|---|
| fixed length control field | 00592nam a22001937a 4500 |
| 008 - FIXED-LENGTH DATA ELEMENTS--GENERAL INFORMATION | |
| fixed length control field | 190706b xxu||||| |||| 00| 0 eng d |
| 020 ## - INTERNATIONAL STANDARD BOOK NUMBER | |
| International Standard Book Number | 1591840459 |
| 040 ## - CATALOGING SOURCE | |
| Original cataloging agency | KABU |
| Transcribing agency | KABU |
| 050 ## - LIBRARY OF CONGRESS CALL NUMBER | |
| Classification number | HD38.2 |
| Item number | .F56 2003 |
| 100 ## - MAIN ENTRY--PERSONAL NAME | |
| Personal name | Finkelstein, Sydney |
| 245 ## - TITLE STATEMENT | |
| Title | Why smart executives fail and what you can learn from their mistakes/ |
| Statement of responsibility, etc. | Sydney Finkelstein |
| 260 ## - PUBLICATION, DISTRIBUTION, ETC. (IMPRINT) | |
| Place of publication, distribution, etc. | New York |
| Name of publisher, distributor, etc. | Portfolio |
| Date of publication, distribution, etc. | 2003 |
| 300 ## - PHYSICAL DESCRIPTION | |
| Extent | xi, 320 p. |
| 650 ## - SUBJECT ADDED ENTRY--TOPICAL TERM | |
| Topical term or geographic name as entry element | Executive ability |
| 650 ## - SUBJECT ADDED ENTRY--TOPICAL TERM | |
| Topical term or geographic name as entry element | Business failures |
| 650 ## - SUBJECT ADDED ENTRY--TOPICAL TERM | |
| Topical term or geographic name as entry element | Executives |
| General subdivision | Psychology |
| 650 ## - SUBJECT ADDED ENTRY--TOPICAL TERM | |
| Topical term or geographic name as entry element | Success in business |
| 942 ## - ADDED ENTRY ELEMENTS (KOHA) | |
| Source of classification or shelving scheme | Library of Congress Classification |
| Koha item type | General Collection |
| Classification part | HD38.2 |
| Withdrawn status | Lost status | Source of classification or shelving scheme | Not for loan | Home library | Current library | Date acquired | Cost, normal purchase price | Total Checkouts | Full call number | Barcode | Date last seen | Date last checked out | Copy number | Price effective from | Koha item type |
|---|---|---|---|---|---|---|---|---|---|---|---|---|---|---|---|
| Library of Congress Classification | Kabarak, Main Campus | Kabarak, Main Campus | 06/07/2019 | 2094.08 | 1 | HD38.2 .F56 2003 c. 1 | 023526 | 02/08/2024 | 23/11/2022 | c. 1 | 06/07/2019 | General Collection | |||
| Library of Congress Classification | Kabarak, Main Campus | Kabarak, Main Campus | 06/07/2019 | 2094.08 | HD38.2 .F56 2003 c. 2 | 023527 | 02/08/2024 | c. 2 | 06/07/2019 | General Collection | |||||
| Library of Congress Classification | Kabarak, Main Campus | Kabarak, Main Campus | 06/07/2019 | 2094.08 | HD38.2 .F56 2003 c. 3 | 023528 | 02/08/2024 | c. 3 | 06/07/2019 | General Collection | |||||
| Library of Congress Classification | Kabarak, Nakuru City Campus | Kabarak, Nakuru City Campus | 06/07/2019 | 2094.08 | HD38.2 .F56 2003 c. 1 | 28/10/2022 | c. 1 | 06/07/2019 | General Collection | ||||||
| Library of Congress Classification | Kabarak, Nakuru City Campus | Kabarak, Nakuru City Campus | 06/07/2019 | 3727.00 | HD38.2 .F56 2003 c. 2 | 032722 | 10/05/2023 | c. 2 | 06/07/2019 | General Collection |